000 00480nam a2200193Ia 4500
008 220531s9999 xx 000 0 und d
041 _aeng
082 _bLEI
100 _aLeishman, J. B.
_968451
245 _aThemes And Variations In Shakespeares Sonnets
250 _a1ST
260 _alondon
_bHutchinson
_c2014
300 _a254
542 _d22-04-2015
551 _aEnglish
_bUgc-ENG
650 _aEnglish
_968452
906 _d2015-2016
999 _c38457
_d38457